The Conquest of America /
Guardat en:
| Autor principal: | |
|---|---|
| Format: | Desconegut |
| Idioma: | English |
| Publicat: |
New York :
Harper y Row, Publishers,
1982.
|
| Matèries: | |
| Etiquetes: |
Afegir etiqueta
Sense etiquetes, Sigues el primer a etiquetar aquest registre!
|
MARC
| LEADER | 000000000a22000000004500 | ||
|---|---|---|---|
| 001 | 012102 | ||
| 020 | |a 0060151803 | ||
| 041 | 0 | |a eng | |
| 082 | 0 | 4 | |a 910.016 |b T639c |
| 100 | 1 | |a Todorov, Tzvetan, |d 1939- | |
| 245 | 1 | 4 | |a The Conquest of America / |c Tzvetan Todorov. |
| 260 | 1 | |a New York : |b Harper y Row, Publishers, |c 1982. | |
| 300 | |a 274 páginas | ||
| 650 | 4 | |a AMERICA DESCUBRIMIENTO Y CONQUISTA | |
| 650 | 4 | |a INDIOS DE CENTROAMERICA | |
| 650 | 4 | |a CIVILIZACION OCCIDENTAL | |
| 650 | 4 | |a INDIOS DE MEXICO | |
| 500 | |a Colección George Yúdice | ||
| 999 | |c 18113 |d 18113 | ||
| 942 | |c BK |h 910.016 T639c |2 z | ||



